书目信息 |
| 题名: |
饲料加工技术 上
|
|
| 作者: | 刘继业 编 | |
| 分册: | ||
| 出版信息: | 北京 化学工业出版社 1989.09 |
|
| 页数: | 480页 | |
| 开本: | 19cm | |
| 丛书名: | 乡镇企业丛书 | |
| 单 册: | ||
| 中图分类: | S816.9 | |
| 科图分类: | ||
| 主题词: | 畜牧学 | |
| 电子资源: | ||
| ISBN: | 7-5025-0368-4 | |
| 000 | 00634nam0 2200217 450 | |
| 001 | 0832229167 | |
| 005 | 20081009090124.80 | |
| 010 | @a7-5025-0368-4@dCNY5.80 | |
| 100 | @a20081009d1989 km y0chiy0120 ea | |
| 101 | 0 | @achi |
| 102 | @aCN@b110000 | |
| 200 | 1 | @a饲料加工技术 上@Asi liao jia gong ji shu shang@f刘继业等编@Fliu ji ye deng bian |
| 210 | @a北京@c化学工业出版社@d1989.09 | |
| 215 | @a480页@d19cm | |
| 225 | 2 | @a乡镇企业丛书 |
| 410 | 0 | @12001 @a乡镇企业丛书 |
| 606 | 0 | @a畜牧学 |
| 690 | @aS816.9@v4 | |
| 701 | 0 | @a刘继业@Aliu ji ye@4编 |
| 801 | 0 | @aCN@b大连网信软件有限公司图书馆·11@c20081009 |
| 905 | @aBZT@dS816.9@e4-1 | |
| 饲料加工技术 上/刘继业等编.-北京:化学工业出版社,1989.09 |
| 480页;19cm.-(乡镇企业丛书) |
| ISBN 7-5025-0368-4:CNY5.80 |
| ● |
| 相关链接 |
|
|
|
正题名:饲料加工技术 上
索取号:S816.9/4-1
 
预约/预借
| 序号 | 登录号 | 条形码 | 馆藏地/架位号 | 状态 | 备注 |
| 1 | 028243 | 201250412 | 中心书库中库/ 中库031架B面5列5层45/ [索取号:S816.9/4-1] | 在馆 |